ბათუმის შოთა რუსთაველის სახელმწიფო უნივერსიტეტის ბიბლიოთეკა

Расчет и технология крепления нефтяных и газовых скважин. (ბიბ.ჩანაწერი № 37125)

000 -LEADER
fixed length control field 00663nam a2200205Ia 4500
001 - CONTROL NUMBER
control field 3081
003 - CONTROL NUMBER IDENTIFIER
control field GE_BSU
008 - FIXED-LENGTH DATA ELEMENTS--GENERAL INFORMATION
fixed length control field 181216s||||||||xx |||||||||||||| ||und||
040 ## - CATALOGING SOURCE
Transcribing agency GE_BSU
080 ## - UNIVERSAL DECIMAL CLASSIFICATION NUMBER
Universal Decimal Classification number 622.245.1
100 ## - MAIN ENTRY--PERSONAL NAME
Personal name Гайворонский,А.А.
245 ## - TITLE STATEMENT
Title Расчет и технология крепления нефтяных и газовых скважин.
245 ## - TITLE STATEMENT
Statement of responsibility, etc. Ред.из-ва Г.П.Щульга.
260 ## - PUBLICATION, DISTRIBUTION, ETC.
Place of publication, distribution, etc. М.
260 ## - PUBLICATION, DISTRIBUTION, ETC.
Name of publisher, distributor, etc. Недра.
260 ## - PUBLICATION, DISTRIBUTION, ETC.
Date of publication, distribution, etc. 1969.
300 ## - PHYSICAL DESCRIPTION
Extent 336стр.22см.
653 ## - INDEX TERM--UNCONTROLLED
Uncontrolled term Расчет и технология крепления нефтяных и газовых скважин.
942 ## - ADDED ENTRY ELEMENTS (KOHA)
Koha item type წიგნი
ეგზემპლარები
Withdrawn status Lost status Damaged status Not for loan Date acquired Barcode Date last seen Price effective from Koha item type
        2018-12-17 9409 2018-12-17 2018-12-17 წიგნი